01198nam a2200289 a 4500001001000000003000400010005001700014008004100031020001500072040002500087082001500112245018900127260008200316300003400398490002500432500002100457500004200478500003400520504003200554700005100586700005600637700004300693830003200736942001300768952011200781999001500893000005241OSt20200929151622.0090818s1998 es ab 001 0 spa d a8400077253 aDO-SdBNPbspacBNPHU axxxxbxxxx00aSistemas de información geográfica en la planificación ambiental de áreas de montaña. /cJosé Luis Labrandero Sanz, Javier Martínez Vega ; prólogo César Nombela Cano. aMadrid, España :bConsejo Superior de Investigaciones Científicas,c1998. a136 p. :bil., map. ;c29 cm.1 aEstudios Ambientales aIncluye índice aIncluye notas al pie de las páginas aIncluye anexo cartográficos aBibliografía : p. 131-1341 aMartínez Vega, Javier,ecoord. y red.9149541 aLabrandero Sanz, José Luis,ecoord. y red.9149551 aNombela Cano, César,epról.914956 0aEstudios Ambientales914957 2ddccLF1 001050718MOaGRbGRcHDd2009-08-18iLF1l0oxxxx xxxxp5241-10r2020-06-25w2020-06-25y1ZNo se presta c5042d5042